| 000 | 00659nam a22001577a 4500 | ||
|---|---|---|---|
| 003 | OSt | ||
| 005 | 20151002094938.0 | ||
| 008 | 151002b xxu||||| |||| 00| 0 eng d | ||
| 040 | _cRUA | ||
| 082 | _aAVM ទួន 1989 B065 Or.1 | ||
| 100 |
_91719 _aទួន វិចិត្រ |
||
| 245 | _aការងារចាត់តាំងនៅមណ្ឌលសត្តឃាត២ធ្នូ និង កោសលវិច័យ អនាម័យនៅលើសាច់ជ្រូកដែលមានជំងឺរលាកសួត និង ទងសួត | ||
| 260 |
_aPhnom Penh _bRUA _c1989 |
||
| 300 |
_a75p. _bill. _c29cm. |
||
| 942 |
_2ddc _cAVM |
||
| 999 |
_c1622 _d1622 |
||